Регионална библиотека "Любен Каравелов" - Русе

Организация и интензификация на селскостопанското производство (Запис номер 391256)

MARC детайли
000 -Лидер
Контролно поле с фиксирана дължина nam a22 a 4500
003 - Код на организацията, давaща контролен номер
Контролно поле BLK
005 - Дата и час на последна редакция
Контролно поле 20201104093533.0
008 - Елементи от данни с фиксирана дължина
fixed length control field 201104b bu |||||r|||| 00| | bu d
040 ## - Източник на каталожния запис
Идентификатор на билиотеката - собственик на записа BLK
041 ## - Код за език
Код за езика на текст/звукозапис или на отделно заглавие Български
Код за езика КДБФ Български
080 ## - УДК
Текстов определител УДК Икономическо положение. Конюнктура. Стопанска структура - Развитие. Икономически растеж . Вж и 330.33/.36
УДК код - определител по УДК 338.1
УДК определител (075.4)
УДК - код + определител 338.1(075.4)
139 ## - Редно поле
Редна дума Организация и интензификация
245 ## - Сведения за заглавието
Заглавие Организация и интензификация на селскостопанското производство
Подзаглавни данни [Учебник] : За системата на парт. просв. и икон. образование
Редно поле (дума) Ангел Бобоков и др. ; състав. и ред. Иван Грозев - отг. ред., Тодор Пенев
257 ## - Страна на издаване
Страна на създаване/издаване България
260 ## - Област на издателските данни
9 (RLIN) 211414
Място на издаване, разпространение и проч. София
Име на издателя, разпространителя и проч. Партиздат
Година на издаване 1982
300 ## - Физическа характеристика
Страници 408 с.
Размери/Мащаб 20 см
380 ## - Жанр
Жанр Обществени науки
490 ## - СЕРИИ (Колекции)
9 (RLIN) 205510
Име на серия За системата на икономическото образование
650 #7 - Допълнително описание по предмет – тема
9 (RLIN) 170773
Основно описание – тема или топоним Селскостопанско производство - икономика
650 #0 - Допълнително описание по предмет – тема
9 (RLIN) 248540
Основно описание – тема или топоним Управление - стопанство - учебници за курсове
700 ## - Други автори (авторска отговорност)
9 (RLIN) 1529
Лично име Грозев, Иван
Автороска отговорност (Описва отношението между автора и произведението) състав. и ред.
700 ## - Други автори (авторска отговорност)
9 (RLIN) 1529
Лично име Пенев, Тодор
Автороска отговорност (Описва отношението между автора и произведението) състав. и ред.
852 ## - Местоположение
Форматна сигнатура Цб 116252
Фондова буква Хранилище
999 ## - СИСТЕМНИ КОНТРОЛНИ НОМЕРА
Koha biblionumber 391256
Koha biblioitemnumber 391256
942 ## - АРТИКУЛИ
Вид на библиотечния материал Книги
Скрит в OPAC Не
Периодичен библиозапис Да
944 ## - СЪЗДАВАНЕ И РЕДАКЦИЯ на ЗАПИСА
Създаване/Редакция Създаване
Дата на регистрацията/редакция 2020-11-04
Служител, извършил регистрацията/редакцията В. Ганчева

Няма налични копия.

Vip Innovations Ltd, Rousse, Bulgaria 2025